Tech-Framed Realities: Unraveling the Structural Influence of Technology

Skúmanie prieniku technologického pokroku, podnikových rámcov a spoločenskej dynamiky, ktoré sú inšpirované vplyvným dielom Alvina Tofflera „Tretia vlna“. Skúmanie, ako technológia hlboko mení ľudské vzťahy a súdržnosť komunity nielen ako katalyzátor pokroku, ale aj ako katalyzátor pretvárania spolo...

Descrizione completa

Salvato in:
Dettagli Bibliografici
Autore principale: Holý, Ján, 1980-
Altri autori: Bolek, Vladimír, 1988-
Natura: Capitolo di libro
Lingua:inglese
Soggetti:
Tags: Aggiungi Tag
Nessun Tag, puoi essere il primo ad aggiungerne!!

MARC

LEADER 00000naa$a2200000$$$4500
001 0304236
005 20240919093915.3
041 0 |a eng 
044 |a SK 
245 1 0 |a Tech-Framed Realities: Unraveling the Structural Influence of Technology  |c Ján Holý, Vladimír Bolek 
520 |a Skúmanie prieniku technologického pokroku, podnikových rámcov a spoločenskej dynamiky, ktoré sú inšpirované vplyvným dielom Alvina Tofflera „Tretia vlna“. Skúmanie, ako technológia hlboko mení ľudské vzťahy a súdržnosť komunity nielen ako katalyzátor pokroku, ale aj ako katalyzátor pretvárania spoločenských konvencií. Tofflerove postrehy vrhajú svetlo na podstatné dôsledky technologického vývoja na základné ľudské skúsenosti ako je priateľstvo, láska a komunita. Článok vyzýva na holistickú stratégiu na zníženie negatívnych účinkov technologického pokroku, pričom zdôrazňuje potrebu posilniť rodinné väzby a reformovať podnikové štruktúry. Zároveň načrtáva jednotnú stratégiu riadenia zložitosti spoločenských zmien v digitálnom veku, čerpajúc z Tofflerových progresívnych poznatkov. 
610 2 0 |a pokrok technologický 
610 2 0 |a digitalizácia 
610 2 0 |a inteligencia umelá 
610 2 0 |a podnik 
610 2 0 |a transformácia 
610 2 0 |a spoločnosť 
610 2 0 |a modely 
100 1 |a Holý, Ján, 1980- 
700 1 |a Bolek, Vladimír, 1988-